Antecedentes y resumen de las conversaciones sobre los principales temas tratados /

Na minha lista:
Detalhes bibliográficos
Autores Corporativos: UPEB, UNCTAD, PNUD, ICAP
Formato: Texto
Publicado em: San José :
Tags: Adicionar Tag
Sem tags, seja o primeiro a adicionar uma tag!

MARC

LEADER 00000 a a2200000 04500
001 16626
003
040
090 |a 012500  
110 |a UPEB  
245 |a Antecedentes y resumen de las conversaciones sobre los principales temas tratados /  |c UPEB  
260 |a San José :  
300 |a 23 p.  
710 |a UNCTAD  
710 |a PNUD  
710 |a ICAP  
999 |c 8187  |d 8187